000 00320nam a22001457a 4500
008 210602b ||||| |||| 00| 0 eng d
020 _a9781593852504
041 _aeng
080 _a159.9
082 _a159.9
100 _a48
101 _aPSI
245 _aSchool Psychology
_cKenneth W. Merrell
942 _2udc
_cBK
999 _c57924
_d57924